Gaby, perdida y encontrada / (Record no. 20752)

MARC details
000 -LEADER
fixed length control field 01283cam a2200361Ia 4500
001 - CONTROL NUMBER
control field sjds1379665
003 - CONTROL NUMBER IDENTIFIER
control field sjds
005 - DATE AND TIME OF LATEST TRANSACTION
control field 20200223143302.0
008 - FIXED-LENGTH DATA ELEMENTS--GENERAL INFORMATION
fixed length control field 151218s2015 nyu e 000 1 spa d
020 ## - INTERNATIONAL STANDARD BOOK NUMBER
International Standard Book Number 9780545848435
Qualifying information (pbk.)
020 ## - INTERNATIONAL STANDARD BOOK NUMBER
International Standard Book Number 0545848431
Qualifying information (pbk,)
035 ## - SYSTEM CONTROL NUMBER
System control number (OCoLC)932684582
035 ## - SYSTEM CONTROL NUMBER
System control number 1321372
035 ## - SYSTEM CONTROL NUMBER
System control number (OCoLC)ocn932684582
035 ## - SYSTEM CONTROL NUMBER
System control number 1321372
040 ## - CATALOGING SOURCE
Original cataloging agency KTP
Language of cataloging eng
Transcribing agency KTP
Modifying agency OCLCO
-- OCLCF
-- OCLCO
-- OCLCQ
-- BTCTA
-- ORX
-- YVR
-- IFA
041 ## - LANGUAGE CODE
Language code of text/sound track or separate title spa
Language code of original eng
049 ## - LOCAL HOLDINGS (OCLC)
Holding library IFAA
099 ## - LOCAL FREE-TEXT CALL NUMBER (OCLC)
Filing suffix 2015
100 1# - MAIN ENTRY--PERSONAL NAME
Personal name Cervantes, Angela,
Relator term author.
240 10 - UNIFORM TITLE
Uniform title <a href="Gaby, lost and found.">Gaby, lost and found.</a>
Language of a work Spanish
245 10 - TITLE STATEMENT
Title Gaby, perdida y encontrada /
Statement of responsibility, etc. Angela Cervantes.
260 ## - PUBLICATION, DISTRIBUTION, ETC. (IMPRINT)
Place of publication, distribution, etc. New York :
Name of publisher, distributor, etc. Scholastic Inc.,
Date of publication, distribution, etc. c2015.
300 ## - PHYSICAL DESCRIPTION
Extent 220 pages ;
Dimensions 21 cm
336 ## - CONTENT TYPE
Content type term text
Content type code txt
Source rdacontent
337 ## - MEDIA TYPE
Media type term unmediated
Media type code n
Source rdamedia
338 ## - CARRIER TYPE
Carrier type term volume
Carrier type code nc
Source rdacarrier
520 ## - SUMMARY, ETC.
Summary, etc. Gaby necesita un hogar estable. Su madre ha sido deportada a Honduras y Gaby se siente perdida. Mientras tanto, un gato del refugio de animales donde Gaby trabaja necesita ayuda. �Podrá Gaby adoptarlo?
650 #0 - SUBJECT ADDED ENTRY--TOPICAL TERM
Topical term or geographic name as entry element Human-animal relationships
Form subdivision Juvenile fiction.
650 #0 - SUBJECT ADDED ENTRY--TOPICAL TERM
Topical term or geographic name as entry element Volunteers
Form subdivision Juvenile fiction.
650 #7 - SUBJECT ADDED ENTRY--TOPICAL TERM
Topical term or geographic name as entry element Voluntarios
Form subdivision Novela juvenil.
Source of heading or term bidex
942 ## - ADDED ENTRY ELEMENTS (KOHA)
Koha item type Libro/Book
Source of classification or shelving scheme Dewey Decimal Classification
Holdings
Withdrawn status Lost status Damaged status Not for loan Home library Current library Date acquired Inventory number Total Checkouts Full call number Barcode Date last seen Date checked out Price effective from Koha item type
        Azul y Blanco -- Satellite Azul y Blanco -- Satellite 10/05/2016 inventory date: 20-1-25 1 JF 35200022 25/05/2021 07/05/2021 10/05/2016 Libro/Book
        San Juan Del Sur -- Biblioteca San Juan Del Sur -- Biblioteca 09/01/2019   2 JF 30008759 02/07/2019 09/04/2019 09/01/2019 Libro/Book
        Sevadilla -- Satellite Sevadilla -- Satellite 31/05/2016 Inventory date: 7/7/25     35400017 02/09/2024   31/05/2016 Libro/Book

Powered by Koha